| 000 | 00361nam a22001337a 4500 | ||
|---|---|---|---|
| 020 | _a9780756665401 | ||
| 040 | _cNUST | ||
| 082 | _a623.4 WEA | ||
| 100 |
_aGahir, Sunita _988993 |
||
| 245 |
_aWeapon: _bA visual history of arms and armor. |
||
| 260 |
_aLondon: _bDK Publishing,Inc, _c2010. |
||
| 650 |
_aMilitary weapons -- History. _989397 |
||
| 942 |
_2ddc _cBK |
||
| 999 |
_c586466 _d586466 |
||